Joueurs de l'Equipe de France 2018 par temps de jeu - Statistiques

Statistiques générales
  • Ce quiz a été pris 163 fois
  • Le résultat moyen est 18 sur 23
Statistiques - réponses
Poste Joueur Minutes jouées % Correct
M N'Golo Kanté 595
96%
D Raphaël Varane 630
96%
G Hugo Lloris 540
95%
A Antoine Griezmann 570
94%
A Olivier Giroud 546
94%
M Paul Pogba 539
91%
D Benjamin Pavard 540
90%
D Lucas Hernandez 590
90%
D Samuel Umtiti 540
90%
A Kylian Mbappé 534
88%
G Steve Mandanda 90
88%
G Alphonse Areola 0
86%
D Adil Rami 0
85%
M Blaise Matuidi 336
79%
A Ousmane Dembélé 165
72%
A Florian Thauvin 1
64%
A Nabil Fekir 69
63%
M Steven Nzonzi 141
63%
M Corentin Tolisso 194
60%
D Benjamin Mendy 40
56%
D Presnel Kimpembe 90
51%
D Djibril Sidibé 90
49%
A Thomas Lemar 90
42%
Aucun quiz correspondant
Distribution des résultats
% des personnes avec chaque résultat
Percentile par nombre de réponses
Votre historique - résultats
Vous n’avez pas pris ce quiz